000 01564cam a22002174a 4500
005 20250605164140.0
008 250528s ||||||||||||||||||||||||d
035 _a18952
020 _a393951073
040 _aGR-AtMCL
_bgre
_dGR-AtMCL
_eAACR2
245 1 _aStudy Guide for World Civilizations / Volume 2 Sixth Edition
250 _a6th
260 _bW.W. Norton & Company,
_c1982
300 _a186
505 0 _aThe Age of Absolutism, The Intellectual Revolution of the seventeenth and Eighteenth Centuries, The Early Modern World, The French Revolution, The industrial Revolution, The Rise of Liberalism, The Middle Class Challenged, World War I, The West Between the Wars, World War II, The West at the World's Center, The Emergence of Latin America, The Commonwealth of Nations, The Middle East and Africa, Eruption in the Far East, New Power Relationships, Problems of World Civilization, The Emergence of World Civilization.
520 _aThe Age of Absolutism, The Intellectual Revolution of the seventeenth and Eighteenth Centuries, The Early Modern World, The French Revolution, The industrial Revolution, The Rise of Liberalism, The Middle Class Challenged, World War I, The West Between the Wars, World War II, The West at the World's Center, The Emergence of Latin America, The Commonwealth of Nations, The Middle East and Africa, Eruption in the Far East, New Power Relationships, Problems of World Civilization, The Emergence of World Civilization.
700 1 _aRalph Philip L
_95233
942 _cBK
999 _c4249
_d4249